A formulary of paints and other coatings Vol I (Record no. 70019)

000 -LEADER
fixed length control field 00402nam a22001577a 4500
003 - CONTROL NUMBER IDENTIFIER
control field NUST - PNEC
005 - DATE AND TIME OF LATEST TRANSACTION
control field 20170116181132.0
008 - FIXED-LENGTH DATA ELEMENTS--GENERAL INFORMATION
fixed length control field 151003b xxu||||| |||| 00| 0 eng d
040 ## - CATALOGING SOURCE
Transcribing agency LIBRARY
082 ## - DEWEY DECIMAL CLASSIFICATION NUMBER
Classification number 667.90212 MIC
100 ## - MAIN ENTRY--PERSONAL NAME
9 (RLIN) 14030
Personal name Michael
245 ## - TITLE STATEMENT
Title A formulary of paints and other coatings Vol I
Statement of responsibility, etc. Michael
260 ## - PUBLICATION, DISTRIBUTION, ETC.
Date of publication, distribution, etc. c.1978
650 ## - SUBJECT ADDED ENTRY--TOPICAL TERM
9 (RLIN) 12748
Topical term or geographic name entry element Coatings
General subdivision IME
942 ## - ADDED ENTRY ELEMENTS (KOHA)
Source of classification or shelving scheme
Koha item type Book
Holdings
Withdrawn status Lost status Source of classification or shelving scheme Damaged status Not for loan Permanent Location Current Location Shelving location Date acquired Total Checkouts Full call number Barcode Date last seen Price effective from Koha item type
          Pakistan Navy Engineering College (PNEC) Pakistan Navy Engineering College (PNEC)       667.90212 MIC PNECLIB-010335 10/06/2015   Book
© 2023 Central Library, National University of Sciences and Technology. All Rights Reserved.